All Arsenal Goal Scorers This Season - Statistics

General Stats
  • This quiz has been taken 88 times
  • The average score is 16 of 19
Answer Stats
Nationality # Of Goals Answer % Correct
England 15 Bukayo Saka
100%
Norway 15 Martin Odegaard
100%
Brazil 11 Gabriel Jesus
97%
Brazil 3 Gabriel Magalhaes
96%
Brazil 15 Gabriel Martinelli
96%
Switzerland 9 Granit Xhaka
96%
Ukraine 1 Oleksandr Zinchenko
95%
France 3 William Saliba
95%
Ghana 3 Thomas Partey
93%
Scotland 1 Kieran Tierney
92%
Poland 1 Jakub Kiwior
88%
Belgium 1 Leandro Trossard
88%
Egypt 1 Mohamed Elneny
88%
England 2 Benjamin White
84%
Portugal 2 Fabio Vieira
79%
England 9 Eddie Nketiah
73%
England 3 Reiss Nelson
67%
Brazil 1 Marquinhos
51%
England 2 Rob Holding
49%
No matching quizzes found
Score Distribution
Percent of People with Each Score
Percentile by Number Answered
Your Score History
You have not taken this quiz